000 00566cam a22002053a 4500
001 29514
003 PGUSA
005 20140828083634.0
008 090726s2009||||xxu|||||s|||||000 | eng d
040 _aPGUSA
_beng
042 _adc
100 1 _aFreud, Sigmund,
_d1856-1939
245 1 0 _aVergänglichkeit
_h[electronic resource] /
_cSigmund Freud
260 _bProject Gutenberg,
_c2009
506 _aPublic domain in the USA.
516 _aElectronic text
830 0 _aProject Gutenberg
_v29514
856 4 0 _uhttp://www.gutenberg.org/ebooks/29514
942 _cEB
999 _c258769
_d258769